书目信息 |
| 题名: |
燃料电池汽车动力系统分布式测试数据传输研究
|
|
| 作者: | 牛文旭 著 | |
| 分册: | ||
| 出版信息: | 北京 机械工业出版社 2021.1 |
|
| 页数: | 146页 | |
| 开本: | 24cm | |
| 丛书名: | 新能源汽车研究与开发丛书 | |
| 单 册: | ||
| 中图分类: | U469.72 | |
| 科图分类: | ||
| 主题词: | 燃料电池--电传动汽车--动力系统--数据传输--研究 | |
| 电子资源: | ||
| ISBN: | 978-7-111-64617-4 | |
| 000 | 01395nam0 2200277 45 | |
| 001 | 012001001775 | |
| 005 | 20140912131105.0 | |
| 010 | @a978-7-111-64617-4@dCNY49.90 | |
| 100 | @a20200612d2020 em y0chiy50 ea | |
| 101 | 0 | @achi |
| 102 | @aCN@b110000 | |
| 105 | @aa z 000yy | |
| 106 | @ar | |
| 200 | 1 | @a燃料电池汽车动力系统分布式测试数据传输研究@Aran liao dian chi qi che dong li xi tong fen bu shi ce shi shu ju chuan shu yan jiu@b专著@dData transmission analysis of distributed test platform for fuel cell electric vehicle powertrain system@f牛文旭著@zeng |
| 210 | @a北京@c机械工业出版社@d2021.1 | |
| 215 | @a146页@c图,照片@d24cm | |
| 225 | 1 | @a新能源汽车研究与开发丛书 |
| 300 | @a并列题名:Data transmission analysis of distributed test platform for fuel cell electric vehicle powertrain system | |
| 330 | @a本书的主要研究目的是建立一套基于互联网、应用X-in-the-Loop方法的汽车动力系统分布式测试平台,验证基于互联网的分布式测试方法与X-in-the-Loop方法的有效性,研究其数据传输效果,并提出数据传输的优化方法。 | |
| 461 | 0 | @12001 @a新能源汽车研究与开发丛书 |
| 510 | 1 | @aData transmission analysis of distributed test platform for fuel cell electric vehicle powertrain system@zeng |
| 606 | 0 | @a燃料电池@x电传动汽车@x动力系统@x数据传输@x研究 |
| 690 | @aU469.72@v5 | |
| 701 | 0 | @a牛文旭@Aniu wen xu@4著 |
| 801 | 0 | @aCN@bBJSDL@c20211011 |
| 905 | @b1337167-70@dU469.72@e1066@f4 | |
| 燃料电池汽车动力系统分布式测试数据传输研究=Data transmission analysis of distributed test platform for fuel cell electric vehicle powertrain system/牛文旭著.-北京:机械工业出版社,2021.1 |
| 146页:图,照片;24cm.-(新能源汽车研究与开发丛书) |
| 并列题名:Data transmission analysis of distributed test platform for fuel cell electric vehicle powertrain system |
| ISBN 978-7-111-64617-4:CNY49.90 |
| 本书的主要研究目的是建立一套基于互联网、应用X-in-the-Loop方法的汽车动力系统分布式测试平台,验证基于互联网的分布式测试方法与X-in-the-Loop方法的有效性,研究其数据传输效果,并提出数据传输的优化方法。 |
| ● |
| 相关链接 |
|
|
|
|
正题名:燃料电池汽车动力系统分布式测试数据传输研究
索取号:U469.72/1066
 
预约/预借
| 序号 | 登录号 | 条形码 | 馆藏地/架位号 | 状态 | 备注 |
| 1 | 1337167 | 213371670 | 第二样本阅览室/ [索取号:U469.72/1066] | 在馆 | |
| 2 | 1337168 | 213371689 | 第三借阅区/ [索取号:U469.72/1066] | 在馆 | |
| 3 | 1337169 | 213371698 | 第三借阅区/ [索取号:U469.72/1066] | 在馆 | |
| 4 | 1337170 | 213371705 | 第三借阅区/ [索取号:U469.72/1066] | 在馆 |